000 00625nam a2200205 i 4500
001 bg
100 1 _aWAGENER, Hans W.
245 0 _aBeitrag zum Kaltfliesspressen von Titan /
_cHans W. Wagener, Karl H. Tampe.
260 _aDusseldorf :
_bVDI,
_c1985.
490 1 _aFortschritt-Berichte VDI. R.2,Betribstechnik,
_x0341-1656 ;
_vNr 101
700 1 _aTAMPE, Karl H.
830 _aFortschritt-Berichte VDI. R.2,Betribstechnik,
_x0341-1656 ;
020 _a3181401021
040 _cBPK
041 _apol
080 _a669.295:621.77
920 _a3-18-140102-1
942 _cKS
008 s pl f |000 0 pol
999 _c29065
_d29065
856 _uhttp://koha.tu.koszalin.pl/cgi-bin/koha/opac-detail.pl?biblionumber=29065
_yKatalog online BPK